000 00468nam a2200157Ia 4500
005 20250221135030.0
008 231217s9999 xx 000 0 und d
020 _a9788131407141
082 _a658.723 SHA;1 R
100 _aShanthi, N M. Naveen Kumar E ed.
245 0 _aKnowledge process outsourcing : perspectives and practices
260 _c2007
_bIcfai
_aHyderabad
300 _axiv, 215+5
650 _aKnowledge,process,outsourcing,practices
942 _cAA
999 _c187119
_d187119